Prepositions in TV Shows III Quiz Stats

 Plays Quiz Updated May 3, 2018

Score 0/20 Timer 03:00
1 Play Today
% Correct
Than
93%
By
93%
With
92.9%
As
92.8%
At
92.7%
Of
92.6%
On
91.9%
For
91.1%
Under
86.3%
In
85.5%
% Correct
From
83.8%
Vs
78.6%
Off
78.5%
Beyond
74%
Inside
73.8%
Around
72.6%
Behind
68.5%
To
66.6%
Up
65.5%
About
47.7%

You're not logged in!

Compare scores with friends on all Sporcle quizzes.
OR
Log In

Sporcle TV

Today on Sporcle TV


Watch our educational content, quiz creation guides, and fun videos on Sporcle TV.

Show Comments

Extras

Top Quizzes Today


Score Distribution

Your Account Isn't Verified!

In order to create a playlist on Sporcle, you need to verify the email address you used during registration. Go to your Sporcle Settings to finish the process.

Report this User

Report this user for behavior that violates our Community Guidelines.

Details: